| 000 | 00918nam0a2200277 4500 | ||
|---|---|---|---|
| 001 | RU\NLR\bibl\380093 | ||
| 005 | 20250622153237.0 | ||
| 021 |
_aRU _b2003-15182 _9709 |
||
| 035 | _a(NLR Aleph) 000374512 | ||
| 090 |
_a416552 _c416552 |
||
| 100 | _a20030321d2003 |||y0rusy50 ca | ||
| 101 | 0 | _arus | |
| 102 | _aRU | ||
| 105 | _aa ||||||||| | ||
| 200 | 1 |
_aСолдатские письма _fБорис Нутрихин |
|
| 210 |
_aСПб. _cЧетверг _d2003 |
||
| 215 |
_a47,[1] с. _cфакс. _d21 |
||
| 600 | 1 |
_aНутрихин _bБ.А. _f1956 - 1996 _gБорис Анатольевич _92281933 _3RU\NLR\auth\661367114 |
|
| 686 | _aЧ612.3(2)7-8Нутрихин | ||
| 700 | 1 |
_aНутрихин _bБ. А. _f1956-1996 _gБорис Анатольевич _4070 |
|
| 801 | 0 |
_aRU _bNLR _c20030321 _gPSBO |
|
| 801 | 1 |
_aRU _bNLR _c20030321 |
|
| 830 | _aавт. по кн. | ||
| 942 | _cBOOK | ||
| 980 | _aNB | ||